000 00857cab a22002055a 4500
001 L153383
008 110719e20110716xxk 000 0 eng d
035 _a(Sirsi) u153383
041 0 _aeng
100 1 _aThame, David
245 0 0 _aFocus
_bStaffordshire and Shropshire
260 _c2011
490 _aEstates Gazette
_v(1128) 16 July 2011, 55-63(7)
520 _aStoke on Trent's Genr8's business district development and Realis Estates East West shopping centre development schemes are facing problems and are having difficulty in attracting anchor tenants. Shropshire Councils growth plans for new housing are creating new opportunities for retailers including new outlets for supermarkets.
590 _aKA
651 4 _aStaffordshire
651 4 _aShropshire
690 _aPROPERTY-COMMERCIAL PROPERTY-COMMERCIAL PROPERTY MARKET
942 _n0
999 _c83273
_d83273